| 000 | 01176nam a2200313 4500 | ||
|---|---|---|---|
| 001 | 0000012756 | ||
| 003 | CO-CtgCURN | ||
| 005 | 20260318131318.0 | ||
| 007 | ta | ||
| 008 | 160627s1984 000 0 eng d | ||
| 020 | _a9682509327 | ||
| 040 |
_aCO-CtgCURN _bspa _ccoctgcurn |
||
| 082 | 0 |
_a617.9 _bH82i |
|
| 100 | 1 | _aHuertas Torres, Felicitas. | |
| 245 | 1 | 0 |
_aInstrumentacion en el quirofano / _cFelicitas Huertas Torres , J. Ernesto Carmona S. |
| 260 |
_aMexico : _bMcGraw-Hill, _c1984. |
||
| 300 | _a439 p. | ||
| 336 | _2rdacontent | ||
| 337 |
_2rdamedia _asin mediacion _bn |
||
| 338 |
_2rdacarrier _avolumen _bnc |
||
| 500 | _aIncluye glosario. | ||
| 505 | 8 | _aInstrumental para cirugia.--CardiologĂa.--Cirugia general.--Cirugia plastica.-- Cirugia vascular.--Cirugia urologica.--Apendicectomia.--Atresia esofagica.--Colecistectomia.--Colostomia.--Resecion abdominoperineal.--Amputacion supracondilea | |
| 590 | _aCirugĂa general (Medicina) | ||
| 650 | 1 | 4 | _aInstrumentacion quirurgica. |
| 700 | 1 | _aCarmona S., J. Ernesto. | |
| 908 | _a160627 | ||
| 942 |
_cBK _h617.9 _iH82i _2ddc |
||
| 999 |
_c9820 _d9820 |
||